000 00828nam a2200145Ia 4500
005 20240426071037.0
008 240331s9999 xx 000 0 und d
020 _a1853391093
082 _bWOM
_a331.4
245 0 _aWomen and food security :
_bthe experience of the SADCC countris
260 _aLondon
_bIntermediate Technology Publications
_c1991
300 _avi, 210 p .,
500 _aThis book consists of background country papers from the SADCC region (Angola, Botswana, Lesotho, Malawi, Mozambique, Swaziland, Tanzania, Zambia and Zimbabwe) on women's access to, and use of improved food technologies in all areas - land preparation and irrigation, seeding, harvesting, storage and crop processing devices, as well as ' soft techniques' such as planning and organizing village woodlots and domestic gardening.
942 _cL
999 _c2688
_d2688